[Event "MCR juniorek 2024"]
[Site "Jaromerice nad Rokytnou, Czech Republic"]
[Date "????.??.??"]
[Round "9.2"]
[White "Nespora, Tatana"]
[Black "Sulcova, Tereza Radmila"]
[Result "1/2-1/2"]
[WhiteFideId "392286"]
[BlackFideId "395196"]
[WhiteElo "1839"]
[BlackElo "1835"]

1. d4 {[%clk 01:30:53]} {[%emt 00:00:06]} b5 {[%clk 01:28:47]} {[%emt
00:02:14]} 2. e4 {[%clk 01:29:49]} {[%emt 00:01:33]} Bb7 {[%clk 01:28:06]}
{[%emt 00:01:12]} 3. Bd3 {[%clk 01:29:00]} {[%emt 00:01:19]} e6 {[%clk
01:27:27]} {[%emt 00:01:08]} 4. Nf3 {[%clk 01:28:15]} {[%emt 00:01:15]} a6
{[%clk 01:24:58]} {[%emt 00:03:00]} 5. O-O {[%clk 01:27:45]} {[%emt 00:00:58]}
Nf6 {[%clk 01:23:50]} {[%emt 00:01:39]} 6. Qe2 {[%clk 01:27:18]} {[%emt
00:00:57]} c5 {[%clk 01:22:01]} {[%emt 00:02:19]} 7. c3 {[%clk 01:26:05]}
{[%emt 00:01:43]} d6 {[%clk 01:19:30]} {[%emt 00:03:02]} 8. d5 {[%clk
01:22:46]} {[%emt 00:03:48]} e5 {[%clk 01:07:55]} {[%emt 00:12:05]} 9. a4
{[%clk 01:20:39]} {[%emt 00:02:37]} c4 {[%clk 01:06:08]} {[%emt 00:02:18]} 10.
Bc2 {[%clk 01:20:32]} {[%emt 00:00:37]} Nbd7 {[%clk 00:58:07]} {[%emt
00:08:31]} 11. b3 {[%clk 01:18:43]} {[%emt 00:02:19]} cxb3 {[%clk 00:56:48]}
{[%emt 00:01:49]} 12. Bxb3 {[%clk 01:18:42]} {[%emt 00:00:30]} bxa4 {[%clk
00:56:08]} {[%emt 00:01:11]} 13. Bxa4 {[%clk 01:18:31]} {[%emt 00:00:41]} Be7
{[%clk 00:54:40]} {[%emt 00:01:57]} 14. h3 {[%clk 01:17:33]} {[%emt 00:01:29]}
O-O {[%clk 00:54:07]} {[%emt 00:01:03]} 15. Bxd7 {[%clk 01:16:29]} {[%emt
00:01:34]} Nxd7 {[%clk 00:53:47]} {[%emt 00:00:50]} 16. Nfd2 {[%clk 01:15:07]}
{[%emt 00:01:52]} f5 {[%clk 00:40:42]} {[%emt 00:13:34]} 17. f3 {[%clk
01:14:26]} {[%emt 00:01:10]} Nc5 {[%clk 00:37:56]} {[%emt 00:03:18]} 18. Ba3
{[%clk 01:09:47]} {[%emt 00:05:09]} Rc8 {[%clk 00:34:31]} {[%emt 00:03:55]} 19.
c4 {[%clk 01:04:45]} {[%emt 00:05:32]} Bg5 {[%clk 00:24:30]} {[%emt 00:10:31]}
20. Bxc5 {[%clk 00:56:59]} {[%emt 00:08:16]} Rxc5 {[%clk 00:24:50]} {[%emt
00:00:10]} 21. Nb3 {[%clk 00:57:21]} {[%emt 00:00:08]} Rc7 {[%clk 00:25:02]}
{[%emt 00:00:18]} 22. N1d2 {[%clk 00:57:28]} {[%emt 00:00:22]} Bf4 {[%clk
00:20:08]} {[%emt 00:05:24]} 23. Rfb1 {[%clk 00:53:21]} {[%emt 00:04:36]} Bc8
{[%clk 00:19:18]} {[%emt 00:01:21]} 24. exf5 {[%clk 00:45:10]} {[%emt
00:08:42]} Rxf5 {[%clk 00:18:00]} {[%emt 00:01:48]} 25. Ne4 {[%clk 00:43:20]}
{[%emt 00:02:20]} Rh5 {[%clk 00:17:58]} {[%emt 00:00:32]} 26. Nf2 {[%clk
00:43:25]} {[%emt 00:00:25]} Qg5 {[%clk 00:14:36]} {[%emt 00:03:51]} 27. Kf1
{[%clk 00:39:49]} {[%emt 00:04:06]} Qg6 {[%clk 00:07:49]} {[%emt 00:07:16]} 28.
Nd2 {[%clk 00:37:06]} {[%emt 00:03:14]} Bxd2 {[%clk 00:07:03]} {[%emt
00:01:17]} 29. Qxd2 {[%clk 00:37:20]} {[%emt 00:00:15]} Rxc4 {[%clk 00:05:36]}
{[%emt 00:01:57]} 30. Rc1 {[%clk 00:37:07]} {[%emt 00:00:44]} Rxc1+ {[%clk
00:05:44]} {[%emt 00:00:21]} 31. Rxc1 {[%clk 00:37:35]} {[%emt 00:00:02]} Bd7
{[%clk 00:05:18]} {[%emt 00:00:56]} 32. Qc2 {[%clk 00:30:04]} {[%emt 00:07:59]}
1/2-1/2